LIBRARY ONLINE CATALOGUE

Managing small HRD department : (Record no. 5758)

MARC details
000 -LEADER
fixed length control field 00739nam a22002292 4500
001 - CONTROL NUMBER
control field 0000002280
005 - DATE AND TIME OF LATEST TRANSACTION
control field 20151217151847.0
008 - FIXED-LENGTH DATA ELEMENTS--GENERAL INFORMATION
fixed length control field 070405s xx 000 0 eng d
020 ## - INTERNATIONAL STANDARD BOOK NUMBER
International Standard Book Number 1555425291 :
040 ## - CATALOGING SOURCE
Original cataloging agency KABU
Transcribing agency KABU
050 #0 - LIBRARY OF CONGRESS CALL NUMBER
Classification number HF5546.5
Item number .T7M369 1993
100 1# - MAIN ENTRY--PERSONAL NAME
Personal name McCoy, Carol P.
-- 0000151597
245 10 - TITLE STATEMENT
Title Managing small HRD department :
Remainder of title you can do more than you think /
Statement of responsibility, etc. Carol P. McCoy.
250 ## - EDITION STATEMENT
Edition statement 1st ed.
260 ## - PUBLICATION, DISTRIBUTION, ETC. (IMPRINT)
Place of publication, distribution, etc. San Francisco :
Name of publisher, distributor, etc. Jossey-Bass Publishers,
Date of publication, distribution, etc. 1993.
300 ## - PHYSICAL DESCRIPTION
Extent xxvii, 272 p.
650 #0 - SUBJECT ADDED ENTRY--TOPICAL TERM
Topical term or geographic name as entry element Employees
General subdivision Training of.
-- 0000151598
650 #0 - SUBJECT ADDED ENTRY--TOPICAL TERM
Topical term or geographic name as entry element Personnel departments
General subdivision Management.
-- 0000151599
908 ## - PUT COMMAND PARAMETER (RLIN)
Put command parameter 070405
950 ## - LOCAL HOLDINGS (RLIN)
-- 1
Holdings
Withdrawn status Lost status Source of classification or shelving scheme Not for loan Home library Current library Date acquired Total Checkouts Full call number Barcode Date last seen Price effective from Koha item type
    Library of Congress Classification   Kabarak, Main Campus Kabarak, Main Campus 17/12/2015   HF5546.5 .T7M369 1993 003607 02/08/2024 17/12/2015 General Collection